000
00459nam a2200145Ia 4500
008
100204s9999 xx 000 0 und d
082
_b
14111
100
_a
भावे पुरुषोत्तम भास्कर
245
_a
रांगोळी
260
_b
"नागपूर प्रकाशन, नागपूर"
_c
1976
300
_a
184
630
_a
रांगोळी
730
_a
रांगोळी
942
_c
BOOK
999
_c
458542
_d
458539